[Event "C.to Europeo U14"]
[Site "Fermo ITA"]
[Date "2009.09.04"]
[Round "5"]
[White "Bortnik, Alexandr"]
[Black "Pardo Simon, David"]
[Result "0-1"]
[WhiteElo "2308"]
[BlackElo "2321"]
[PlyCount "116"]
[EventDate "2009.08.31"]

1. e4 c5 2. c3 d5 3. exd5 Qxd5 4. d4 g6 5. Nf3 Bg7 6. dxc5 Qxc5 7. Be3 Qc7 8.
Na3 a6 9. Qa4+ Bd7 10. Nb5 Qc8 11. Bb6 Bxb5 12. Bxb5+ Nd7 13. Bxd7+ Qxd7 14.
Qxd7+ Kxd7 15. O-O-O+ Kc6 16. Bd4 f6 17. c4 e5 18. Bc3 Nh6 19. b4 Rhd8 20. a4
Nf5 21. Kb2 Nd6 22. b5+ axb5 23. cxb5+ Kb6 24. Kb3 Ne4 25. Rxd8 Rxd8 26. Rc1
Nc5+ 27. Ka3 Bf8 28. Rc2 Ra8 29. a5+ Kxb5 30. Bb4 b6 31. Nd2 bxa5 32. Bxc5
Bxc5+ 33. Ka2 f5 34. f3 Re8 35. Nb3 Bb4 36. g4 a4 37. Nc1 e4 38. gxf5 gxf5 39.
fxe4 fxe4 40. Rb2 Ka5 41. Re2 e3 42. Nd3 Bd2 43. h4 Kb5 44. Nb2 Rf8 45. Rg2 Rf2
46. Rg5+ Kc6 47. Nd3 e2 48. Rh5 e1=Q 49. Nxe1 Bb4+ 50. Kb1 Bxe1 51. Rxh7 a3 52.
Ra7 Bb4 53. h5 Rb2+ 54. Ka1 Rh2 55. h6 Bc3+ 56. Kb1 Rb2+ 57. Kc1 a2 58. Ra6+
Kb7 0-1

[Event "C.to Europeo U14"]
[Site "Fermo ITA"]
[Date "2009.09.04"]
[Round "5"]
[White "Dragun, Kamil"]
[Black "De Filomeno, Simone"]
[Result "1-0"]
[WhiteElo "2232"]
[BlackElo "2221"]
[PlyCount "85"]
[EventDate "2009.08.31"]

1. e4 c5 2. Nf3 Nc6 3. d4 cxd4 4. Nxd4 e5 5. Nb5 a6 6. Nd6+ Bxd6 7. Qxd6 Qf6 8.
Qc7 Nge7 9. Nc3 Nb4 10. Bd3 d5 11. a3 Nxd3+ 12. cxd3 d4 13. Na4 Qc6 14. Qxc6+
Nxc6 15. Nb6 Rb8 16. Bd2 Be6 17. f4 f6 18. Rc1 Bb3 19. Ke2 Rd8 20. f5 Rg8 21.
Rhf1 Rd6 22. a4 Na7 23. a5 Rc6 24. g4 h6 25. h4 Rxc1 26. Rxc1 Nc6 27. Ra1 Kd8
28. Ra3 Bf7 29. b4 Kc7 30. Ra1 Rd8 31. Rg1 Rh8 32. Rg2 Na7 33. g5 hxg5 34. hxg5
Kc6 35. Be1 Nb5 36. Kf2 Rh3 37. gxf6 gxf6 38. Rg7 Bh5 39. Nd7 Nc3 40. Nxf6 Bd1
41. Nd7 Kd6 42. f6 Bf3 43. Bxc3 1-0

[Event "C.to Europeo U14"]
[Site "Fermo ITA"]
[Date "2009.09.04"]
[Round "5"]
[White "Garcia De Lomas Guerrero, Carlos"]
[Black "Salvioli, Alessandro"]
[Result "0-1"]
[WhiteElo "1793"]
[BlackElo "1866"]
[PlyCount "56"]
[EventDate "2009.08.31"]

1. e4 c5 2. Nc3 Nc6 3. f4 d6 4. Nf3 e6 5. Bc4 Nge7 6. d3 g6 7. O-O Bg7 8. Qe1
O-O 9. Qh4 a6 10. a3 b5 11. Ba2 Bd7 12. Qg3 Qc7 13. h4 Nd4 14. Rf2 b4 15. Nb1
Ba4 16. Nxd4 Bxd4 17. f5 exf5 18. Bh6 Bxc2 19. Qg5 b3 20. exf5 bxa2 21. f6 Nc6
22. Bg7 Nd8 23. Nc3 Re8 24. Nd5 Qb7 25. Ne7+ Rxe7 26. fxe7 Ne6 27. Qd2 Bxg7 28.
Re2 Qxb2 0-1

[Event "C.to Europeo U14"]
[Site "Fermo ITA"]
[Date "2009.09.04"]
[Round "5"]
[White "Giroyan, Gary"]
[Black "Santos Latasa, Jaime"]
[Result "0-1"]
[WhiteElo "2202"]
[BlackElo "2256"]
[PlyCount "76"]
[EventDate "2009.08.31"]

1. e4 c6 2. Nc3 d5 3. Nf3 Nf6 4. e5 Ne4 5. d4 Qa5 6. Bd2 Nxd2 7. Qxd2 Bg4 8.
Ng5 Bh5 9. Bd3 h6 10. g4 hxg5 11. gxh5 e6 12. Qxg5 Na6 13. f4 Nb4 14. f5 Nxd3+
15. cxd3 Qd8 16. Rg1 Qxg5 17. Rxg5 f6 18. exf6 gxf6 19. Rg6 exf5 20. Rxf6 Rxh5
21. O-O-O Ke7 22. Rg6 Kf7 23. Rg2 Bg7 24. Ne2 Rah8 25. Rf1 Rxh2 26. Rxf5+ Ke6
27. Rff2 Rxg2 28. Rxg2 Bf6 29. Kd2 a5 30. Rf2 Rh4 31. Ke3 Bg5+ 32. Kf3 Rh1 33.
Nf4+ Kd6 34. Kg4 Bf6 35. Ne2 Ke7 36. Kf3 Rh3+ 37. Ng3 Bxd4 38. Rc2 Be5 0-1

[Event "C.to Europeo U14"]
[Site "Fermo ITA"]
[Date "2009.09.04"]
[Round "5"]
[White "Grigoryan, Karen H."]
[Black "Clarke, Brandon G.I."]
[Result "0-1"]
[WhiteElo "2254"]
[BlackElo "2014"]
[PlyCount "108"]
[EventDate "2009.08.31"]

1. e4 e6 2. d4 d5 3. Nc3 Nf6 4. Bg5 dxe4 5. Nxe4 Be7 6. Bxf6 gxf6 7. Nf3 a6 8.
Bd3 b5 9. Qe2 Bb7 10. c3 Nd7 11. a4 b4 12. c4 f5 13. Ng3 O-O 14. O-O-O c6 15.
Nh5 Qa5 16. b3 Kh8 17. h3 Nf6 18. Nxf6 Bxf6 19. g4 c5 20. gxf5 Qc7 21. Be4 Qf4+
22. Nd2 Bxe4 23. Qxe4 Qxe4 24. Nxe4 Bxd4 25. f6 Rg8 26. Rhg1 Rxg1 27. Rxg1 Rg8
28. Rg4 h6 29. f3 Kh7 30. Kd2 h5 31. Rxg8 Kxg8 32. Kd3 Kh7 33. Nd6 Kg6 34. Ne8
Bxf6 35. Ke4 a5 36. f4 Bd4 37. Nd6 f5+ 38. Kf3 Kf6 39. Kg3 Ke7 40. Nb5 Bf6 41.
Kf3 Kd7 42. Ke3 h4 43. Kf3 Bd8 44. Ke3 Bc7 45. Nxc7 Kxc7 46. Kf3 Kd6 47. Ke3 e5
48. fxe5+ Kxe5 49. Kf3 f4 50. Kg4 Ke4 51. Kxh4 Kf3 52. Kg5 Kg3 53. h4 f3 54. h5
f2 0-1

[Event "C.to Europeo U14"]
[Site "Fermo ITA"]
[Date "2009.09.04"]
[Round "5"]
[White "Gutierrez Valero, Mario"]
[Black "Bogdan, Horia-Daniel"]
[Result "1-0"]
[WhiteElo "2024"]
[BlackElo "1842"]
[PlyCount "65"]
[EventDate "2009.08.31"]

1. d4 d5 2. Nf3 Nf6 3. c4 c6 4. Qb3 a6 5. Nc3 e6 6. Bg5 Nbd7 7. e3 Be7 8. Bd3
b5 9. c5 e5 10. Bxf6 Bxf6 11. dxe5 Nxe5 12. Nxe5 Bxe5 13. e4 Qe7 14. O-O d4 15.
Ne2 Qxc5 16. Rac1 Qb6 17. f4 Bd6 18. e5 Be6 19. Qc2 Be7 20. Kh1 c5 21. Be4 Rc8
22. f5 Bd7 23. Qd2 Bc6 24. Qf4 Qb7 25. Ng3 Bxe4 26. Nxe4 Rc6 27. Rfe1 Qc7 28.
Nd6+ Kf8 29. f6 Bxf6 30. Rxc5 Qa5 31. Rcc1 Rxd6 32. exd6 d3 33. d7 1-0

[Event "C.to Europeo U14"]
[Site "Fermo ITA"]
[Date "2009.09.04"]
[Round "5"]
[White "Lapidus, Mark"]
[Black "Dazj, Andrea"]
[Result "1-0"]
[WhiteElo "1921"]
[BlackElo "1515"]
[PlyCount "57"]
[EventDate "2009.08.31"]

1. e4 e6 2. d4 d5 3. e5 c5 4. c3 Nc6 5. Nf3 Qb6 6. a3 Bd7 7. b4 cxd4 8. cxd4
Nge7 9. Nc3 Nf5 10. Na4 Qc7 11. Nc5 Bxc5 12. bxc5 b6 13. cxb6 Qxb6 14. Be3 Nce7
15. Bd3 O-O 16. O-O Rfc8 17. Rb1 Qa5 18. Rb7 Bc6 19. Rb1 Qxa3 20. g4 Nxe3 21.
fxe3 Rcb8 22. Ng5 Rf8 23. Bxh7+ Kh8 24. Qf3 Ng8 25. Bxg8 Kxg8 26. Qh3 Rfb8 27.
Qh7+ Kf8 28. Rxf7+ Ke8 29. Qg8+ 1-0

[Event "C.to Europeo U14"]
[Site "Fermo ITA"]
[Date "2009.09.04"]
[Round "5"]
[White "Popov, Mikhail"]
[Black "Binder, Moriz"]
[Result "1-0"]
[WhiteElo "2017"]
[BlackElo "1832"]
[PlyCount "61"]
[EventDate "2009.08.31"]

1. e4 c5 2. Nf3 d6 3. d4 cxd4 4. Nxd4 Nf6 5. Nc3 a6 6. Be3 e5 7. Nb3 Be6 8. Qd2
Be7 9. O-O-O Nbd7 10. Kb1 b5 11. f4 Qc7 12. f5 Bc4 13. g4 b4 14. Bxc4 Qxc4 15.
Nd5 Nxe4 16. Qg2 Rc8 17. Na5 Qb5 18. Qxe4 Qxa5 19. g5 Qd8 20. Qg4 Nc5 21. f6
Bf8 22. Bxc5 Rxc5 23. Qxb4 h6 24. g6 fxg6 25. Rhf1 Rb5 26. Qg4 Kf7 27. fxg7+
Kxg7 28. Rf6 g5 29. Qf5 Qe8 30. Nc7 Qh5 31. Ne6+ 1-0

[Event "C.to Europeo U14"]
[Site "Fermo ITA"]
[Date "2009.09.06"]
[Round "6"]
[White "Beradze, Irakli"]
[Black "Andersen, Mads"]
[Result "0-1"]
[WhiteElo "2137"]
[BlackElo "2336"]
[PlyCount "100"]
[EventDate "2009.08.31"]

1. e4 c5 2. c3 Nf6 3. e5 Nd5 4. d4 e6 5. c4 Nb6 6. dxc5 Bxc5 7. Nf3 d6 8. exd6
Qxd6 9. Qxd6 Bxd6 10. Nc3 Nc6 11. Nb5 Bb8 12. Be3 Nd7 13. O-O-O Ke7 14. Be2 b6
15. Nfd4 Nxd4 16. Nxd4 Bb7 17. Rhe1 Be5 18. Bf1 Rhd8 19. f4 Bf6 20. f5 e5 21.
Nb5 Kf8 22. b4 Bc6 23. Nd6 Ba4 24. Rd2 Be7 25. c5 bxc5 26. bxc5 Nf6 27. Ba6 Ng4
28. Bg1 Bc6 29. h3 Nf6 30. Rxe5 Nd7 31. Rxe7 Kxe7 32. Re2+ Kf8 33. g4 Rab8 34.
g5 Rb4 35. Bc4 f6 36. gxf6 Nxf6 37. Bb3 Ne4 38. Kb2 a5 39. a3 Rbb8 40. Kc2 Nxd6
41. cxd6 Rdc8 42. Be6 Bf3+ 43. Kd3 Bxe2+ 44. Kxe2 Rc3 45. Kd2 Rc6 46. d7 Ke7
47. h4 Rxe6 48. fxe6 Kxe6 49. Bd4 g6 50. Bb6 Rxb6 0-1

[Event "C.to Europeo U14"]
[Site "Fermo ITA"]
[Date "2009.09.06"]
[Round "6"]
[White "Bok, Benjamin"]
[Black "Korchmar, Vasiliy"]
[Result "1-0"]
[WhiteElo "2360"]
[BlackElo "2163"]
[PlyCount "51"]
[EventDate "2009.08.31"]

1. e4 c5 2. Nf3 d6 3. d4 cxd4 4. Nxd4 Nf6 5. Nc3 g6 6. Be3 Bg7 7. f3 O-O 8. Qd2
Nc6 9. Bc4 Bd7 10. Bb3 Na5 11. h4 h5 12. g4 Nxb3 13. axb3 hxg4 14. h5 Nxh5 15.
Bh6 e5 16. Nf5 Bxf5 17. exf5 g3 18. Nd5 Nf4 19. Bxg7 g2 20. O-O-O gxh1=Q 21.
Rxh1 f6 22. Bxf8 Qxf8 23. Nxf4 exf4 24. Qd5+ Qf7 25. Rh8+ Kg7 26. Rh7+ 1-0

[Event "C.to Europeo U14"]
[Site "Fermo ITA"]
[Date "2009.09.06"]
[Round "6"]
[White "Bukavshin, Ivan"]
[Black "Doros, Radu-Marian"]
[Result "1-0"]
[WhiteElo "2404"]
[BlackElo "2192"]
[PlyCount "55"]
[EventDate "2009.08.31"]

1. e4 c5 2. Nf3 e6 3. d4 cxd4 4. Nxd4 Nf6 5. Nc3 d6 6. g4 h6 7. h3 Nc6 8. Bg2
Bd7 9. Be3 Be7 10. f4 Nxd4 11. Qxd4 Bc6 12. O-O-O O-O 13. Bf3 Nd7 14. Qd2 b5
15. Kb1 a5 16. h4 b4 17. Ne2 Nc5 18. Bxc5 dxc5 19. Qe3 Qc7 20. g5 f5 21. gxh6
gxh6 22. Rhg1+ Kh7 23. exf5 Bxf3 24. fxe6 Qc6 25. Rd7 Rae8 26. Qe5 Rg8 27. Qf5+
Kh8 28. Rxg8+ 1-0

[Event "C.to Europeo U14"]
[Site "Fermo ITA"]
[Date "2009.09.06"]
[Round "6"]
[White "De Filomeno, Simone"]
[Black "Tejedor Fuentes, Enrique"]
[Result "1-0"]
[WhiteElo "2221"]
[BlackElo "2004"]
[PlyCount "74"]
[EventDate "2009.08.31"]

1. f4 e5 2. fxe5 d6 3. exd6 Bxd6 4. Nf3 g5 5. g3 g4 6. Nh4 Ne7 7. d4 Ng6 8.
Nxg6 hxg6 9. Qd3 Nc6 10. c3 Bd7 11. Nd2 f5 12. Nc4 Be6 13. Bg2 Bf7 14. Nxd6+
Qxd6 15. Bf4 Qd7 16. d5 Ne7 17. Qd4 Rh5 18. O-O-O g5 19. Be5 Rh6 20. Bf6 a6 21.
Bxg5 Rg6 22. Qe3 Rxg5 23. Qxg5 O-O-O 24. Rhf1 Bg8 25. Rd4 Kb8 26. Rfd1 Nc8 27.
h3 gxh3 28. Bxh3 Nd6 29. e4 Re8 30. e5 Nb5 31. Bxf5 Qf7 32. Bg6 Qg7 33. Qf6
Qh6+ 34. Rf4 Rc8 35. Bf5 Qxf6 36. exf6 Rf8 37. Be6 Bh7 1-0

[Event "C.to Europeo U14"]
[Site "Fermo ITA"]
[Date "2009.09.06"]
[Round "6"]
[White "Della Sala, Bruno"]
[Black "Ubaldi, Davide"]
[Result "1-0"]
[WhiteElo "1629"]
[BlackElo "1560"]
[PlyCount "87"]
[EventDate "2009.08.31"]

1. d4 d5 2. c4 c6 3. Nc3 Nf6 4. Nf3 e6 5. Bg5 Nbd7 6. e3 Qa5 7. Nd2 Bb4 8. Qc2
h6 9. Bh4 O-O 10. Bd3 Re8 11. O-O Qc7 12. a3 Bd6 13. Bg3 e5 14. c5 Be7 15. Nf3
Nh5 16. Bxe5 Nxe5 17. Nxe5 Bxc5 18. Nxf7 Re6 19. dxc5 Qxf7 20. e4 Nf6 21. exd5
cxd5 22. Rae1 Rc6 23. b4 b6 24. Bb5 Rc7 25. Nxd5 Bb7 26. Nxc7 Qxc7 27. c6 Bxc6
28. Qxc6 Qxc6 29. Bxc6 Rc8 30. b5 Kf8 31. g3 a6 32. a4 axb5 33. axb5 Nh7 34.
Ra1 Ng5 35. Ra8 Rxa8 36. Bxa8 Ne6 37. Ra1 Nd4 38. Bc6 Ke7 39. Ra7+ Kf8 40. Rb7
Nxc6 41. bxc6 Ke8 42. Rxg7 Kd8 43. Kf1 Kc8 44. Ke2 1-0

[Event "C.to Europeo U14"]
[Site "Fermo ITA"]
[Date "2009.09.06"]
[Round "6"]
[White "Manole, Stefan"]
[Black "Giampieri, Stefano"]
[Result "1-0"]
[WhiteElo "1902"]
[BlackElo "1768"]
[PlyCount "103"]
[EventDate "2009.08.31"]

1. e4 c6 2. d4 d5 3. Nc3 dxe4 4. Nxe4 Bf5 5. Ng3 Bg6 6. Nf3 Nd7 7. h4 h6 8. h5
Bh7 9. Bd3 Bxd3 10. Qxd3 e6 11. Bf4 Ngf6 12. O-O-O Qa5 13. Kb1 Be7 14. c4 O-O
15. Ne5 Nxe5 16. Bxe5 Ng4 17. Qe2 Nxe5 18. dxe5 Rfd8 19. f4 b5 20. cxb5 Qxb5
21. Rhf1 Qxe2 22. Nxe2 Rxd1+ 23. Rxd1 Rd8 24. Rxd8+ Bxd8 25. Kc2 Bb6 26. Kc3
Kf8 27. Nd4 c5 28. Nb3 c4 29. Nd4 Ke7 30. Kxc4 f6 31. b4 fxe5 32. Nc6+ Kd6 33.
Nxe5 Be3 34. Ng6 a6 35. a4 Kc6 36. b5+ axb5+ 37. axb5+ Kb6 38. Nf8 Bxf4 39.
Nxe6 Be5 40. Nd4 Bf6 41. Kd5 Kb7 42. Nf5 Kb6 43. Ke6 Kxb5 44. Kf7 Kc6 45. Nxg7
Bg5 46. Kg6 Kd7 47. Nf5 Ke8 48. Nxh6 Bc1 49. g4 Kf8 50. g5 Bb2 51. Nf7 Kg8 52.
h6 1-0

[Event "C.to Europeo U14"]
[Site "Fermo ITA"]
[Date "2009.09.06"]
[Round "6"]
[White "Pardo Simon, David"]
[Black "Dragun, Kamil"]
[Result "1/2-1/2"]
[WhiteElo "2321"]
[BlackElo "2232"]
[PlyCount "127"]
[EventDate "2009.08.31"]

1. b3 Nf6 2. Bb2 g6 3. e4 d6 4. g3 Bg7 5. Bg2 c5 6. Ne2 Nc6 7. O-O O-O 8. d4
cxd4 9. Nxd4 Bg4 10. f3 Bd7 11. Kh1 Nxd4 12. Bxd4 b5 13. Nd2 Bc6 14. Qe2 Qc7
15. Rad1 e5 16. Bg1 d5 17. exd5 Nxd5 18. Ne4 Rfd8 19. c4 bxc4 20. Qxc4 Rac8 21.
Rc1 Qa5 22. Rfd1 Bb7 23. Nc5 Ba8 24. b4 Qc7 25. Qe2 Qe7 26. a3 h5 27. Ne4 Rxc1
28. Rxc1 h4 29. Bc5 Qe6 30. Bxa7 h3 31. Bf1 Nf6 32. Kg1 Nxe4 33. fxe4 Bh6 34.
Be3 Bxe3+ 35. Qxe3 Rd4 36. Qc3 Qb6 37. Qc5 Qf6 38. Qc8+ Rd8 39. Qc2 Qf3 40. Re1
Rd4 41. Bxh3 Rxe4 42. Rxe4 Bxe4 43. Bg2 Qe3+ 44. Qf2 Qc1+ 45. Qf1 Qe3+ 46. Kh1
Bd3 47. Qd1 e4 48. a4 Qf2 49. Qg1 e3 50. Qxf2 exf2 51. h4 Kf8 52. b5 Ke7 53. b6
Kd6 54. g4 f1=Q+ 55. Bxf1 Bxf1 56. h5 gxh5 57. gxh5 Kc6 58. h6 Bd3 59. a5 Bh7
60. Kg2 f5 61. Kf3 Kb7 62. Kf4 Kc6 63. Ke5 Kb7 64. Kf4 1/2-1/2

[Event "C.to Europeo U14"]
[Site "Fermo ITA"]
[Date "2009.09.06"]
[Round "6"]
[White "Pluzyan, Aram"]
[Black "McClement, Andrew"]
[Result "1-0"]
[WhiteElo "2081"]
[BlackElo "1893"]
[PlyCount "85"]
[EventDate "2009.08.31"]

1. e4 c5 2. Nf3 d6 3. d4 cxd4 4. Nxd4 Nf6 5. Nc3 e6 6. Be2 a6 7. a4 Qc7 8. Be3
b6 9. f4 Bb7 10. Bf3 Nbd7 11. Nb3 Be7 12. Qd2 O-O 13. g4 d5 14. exd5 exd5 15.
g5 Ne4 16. Nxe4 dxe4 17. Bg2 Rfd8 18. Nd4 Nc5 19. O-O Rac8 20. Qf2 Qd7 21. Qg3
Qe8 22. b3 Rc7 23. Nf5 Bf8 24. Qf2 a5 25. Nd4 Ba6 26. Rfd1 Rcd7 27. Bh3 Rd5 28.
Bg4 g6 29. Rd2 Bg7 30. Rad1 f5 31. Be2 Bxe2 32. Qxe2 Kh8 33. Nb5 Qc6 34. Rxd5
Rxd5 35. Rxd5 Qxd5 36. Qd2 Qxd2 37. Bxd2 Kg8 38. Be3 Kf8 39. Nc7 Bc3 40. Nd5
Bb4 41. Nxb4 axb4 42. Bxc5+ bxc5 43. a5 1-0

[Event "C.to Europeo U14"]
[Site "Fermo ITA"]
[Date "2009.09.06"]
[Round "6"]
[White "Real, Thibault"]
[Black "Delgado-Vlaic, Adrian"]
[Result "1-0"]
[WhiteElo "1913"]
[BlackElo "1818"]
[PlyCount "61"]
[EventDate "2009.08.31"]

1. e4 e6 2. d4 d5 3. Nc3 Bb4 4. e5 c5 5. Bd2 Ne7 6. Qg4 cxd4 7. Qxd4 Nbc6 8.
Qg4 O-O 9. Nf3 Ng6 10. Bd3 f5 11. exf6 Qxf6 12. Qh5 Nd4 13. Ng5 h6 14. Bxg6
Bxc3 15. bxc3 Qxf2+ 16. Kd1 Qxg2 17. Bf7+ Kh8 18. Qg6 Qe2+ 19. Kc1 hxg5 20.
cxd4 Qf3 21. Qh5+ Qxh5 22. Bxh5 Bd7 23. Bxg5 Rf5 24. h4 Rc8 25. Bg6 Rf2 26. Kb2
Ba4 27. Rac1 Rc6 28. Rhf1 Rxf1 29. Rxf1 Rc8 30. Rf7 Bc6 31. Re7 1-0

[Event "C.to Europeo U14"]
[Site "Fermo ITA"]
[Date "2009.09.06"]
[Round "6"]
[White "Santeramo, Domenico"]
[Black "Dazj, Andrea"]
[Result "1/2-1/2"]
[WhiteElo "1852"]
[BlackElo "1515"]
[PlyCount "39"]
[EventDate "2009.08.31"]

1. e4 c5 2. Nf3 d6 3. d4 cxd4 4. Nxd4 Nf6 5. Nc3 a6 6. f3 e5 7. Nb3 Be6 8. Bg5
Nbd7 9. Qd2 Be7 10. g4 Rc8 11. h4 h6 12. Be3 b5 13. Nd5 Bxd5 14. exd5 Nb6 15.
Bxb6 Qxb6 16. O-O-O Nd7 17. Bd3 g5 18. Bf5 gxh4 19. f4 Rc4 20. fxe5 1/2-1/2

[Event "C.to Europeo U14"]
[Site "Fermo ITA"]
[Date "2009.09.06"]
[Round "6"]
[White "Santos Latasa, Jaime"]
[Black "Berbatov, Kiprian"]
[Result "1-0"]
[WhiteElo "2256"]
[BlackElo "2398"]
[PlyCount "69"]
[EventDate "2009.08.31"]

1. d4 Nf6 2. Nf3 g6 3. Nc3 d5 4. Bf4 Bg7 5. e3 Bg4 6. h3 Bxf3 7. Qxf3 c6 8.
O-O-O O-O 9. g4 b5 10. Bd3 Qa5 11. Kb1 Nbd7 12. h4 Rfe8 13. Qg3 b4 14. Bc7 Nb6
15. Ne2 c5 16. dxc5 Qxc5 17. Be5 Nc4 18. Bd4 Qa5 19. f4 e5 20. fxe5 Ne4 21.
Bxe4 dxe4 22. h5 Re6 23. hxg6 hxg6 24. Nc1 Rc8 25. Nb3 Qb5 26. Qh3 Nxe5 27. Bc5
Rxc5 28. Nxc5 Re8 29. Rd5 Qc6 30. Qh7+ Kf8 31. Rhd1 Nd3 32. Nd7+ Ke7 33. Qxg7
Qxd5 34. Nf6 Qe5 35. Nxe8 1-0

[Event "C.to Europeo U14"]
[Site "Fermo ITA"]
[Date "2009.09.06"]
[Round "6"]
[White "Yuksel, Atilla Koksal"]
[Black "Zier, Oliver"]
[Result "1/2-1/2"]
[WhiteElo "1961"]
[BlackElo "2103"]
[PlyCount "60"]
[EventDate "2009.08.31"]

1. e4 e6 2. d4 d5 3. Nc3 Nf6 4. e5 Nfd7 5. f4 c5 6. Nf3 Nc6 7. Be3 Be7 8. Qd2
O-O 9. dxc5 Bxc5 10. O-O-O Qa5 11. Kb1 Rb8 12. Nd4 Nxd4 13. Bxd4 b6 14. h4 Bxd4
15. Qxd4 Nc5 16. b4 Qa3 17. Rh3 a5 18. Nxd5 Qa4 19. Ne7+ Kh8 20. Nxc8 Rfxc8 21.
b5 Qxd4 22. Rxd4 Rd8 23. c3 Rbc8 24. Rxd8+ Rxd8 25. Kc2 Kg8 26. Be2 f6 27. exf6
gxf6 28. Re3 Kf7 29. Bc4 Rg8 30. g3 f5 1/2-1/2

[Event "C.to Europeo U14"]
[Site "Fermo ITA"]
[Date "2009.09.07"]
[Round "7"]
[White "Andersen, Mads"]
[Black "Santos Latasa, Jaime"]
[Result "1/2-1/2"]
[WhiteElo "2336"]
[BlackElo "2256"]
[PlyCount "146"]
[EventDate "2009.08.31"]

1. e4 Nf6 2. e5 Nd5 3. d4 d6 4. c4 Nb6 5. exd6 cxd6 6. Nc3 g6 7. Be3 Bg7 8. Rc1
O-O 9. Be2 d5 10. c5 Nc4 11. Bxc4 dxc4 12. Nge2 Bf5 13. b3 Bd3 14. bxc4 Bxc4
15. Qa4 Ba6 16. O-O Nc6 17. Rfd1 Qa5 18. Qxa5 Nxa5 19. Nf4 Nc6 20. d5 Ne5 21.
Ne4 Rfd8 22. d6 e6 23. Bd4 Bb5 24. Nc3 Bc6 25. Bxe5 Bxe5 26. Nd3 Bg7 27. Nb4
Bd7 28. c6 Bxc6 29. Nxc6 bxc6 30. Ne4 Rac8 31. Rb1 c5 32. d7 Rc6 33. Rb7 Bd4
34. Rxa7 h6 35. Kf1 f5 36. Nd2 Rd6 37. Nb3 Kf7 38. Rc1 R6xd7 39. Rxd7+ Rxd7 40.
Nxc5 Ra7 41. Nb3 Bf6 42. Rc2 g5 43. f3 h5 44. h3 Be5 45. Nd2 Kf6 46. Ke2 Ra4
47. Nc4 Bf4 48. Ne3 h4 49. Nd1 Ra3 50. Rb2 Be5 51. Rd2 g4 52. fxg4 fxg4 53.
hxg4 Rg3 54. Nf2 Rxg2 55. Kf1 Rh2 56. Ne4+ Kg6 57. Rxh2 Bxh2 58. Kg2 Bc7 59. a4
e5 60. Kh3 Bd8 61. Nd6 Be7 62. Nf5 Bd8 63. Nxh4+ Kg5 64. Kg3 e4 65. Nf5 Bc7+
66. Kf2 Kxg4 67. Ne7 Bb6+ 68. Ke2 Bc5 69. Nc6 Kf5 70. a5 Ke6 71. a6 Kd6 72. a7
Bxa7 73. Nxa7 Ke5 1/2-1/2

[Event "C.to Europeo U14"]
[Site "Fermo ITA"]
[Date "2009.09.07"]
[Round "7"]
[White "Bisi, Samuele"]
[Black "Zinnai, Graziano Matteo"]
[Result "1-0"]
[WhiteElo "1777"]
[BlackElo "1503"]
[PlyCount "95"]
[EventDate "2009.08.31"]

1. d4 f5 2. Nf3 g6 3. Bf4 Bg7 4. e3 Nf6 5. c4 d6 6. Nc3 O-O 7. Be2 Qe8 8. O-O
Nbd7 9. Nb5 Qd8 10. Ng5 Nb6 11. Qb3 h6 12. c5+ Nbd5 13. Nf3 Kh7 14. Bg3 c6 15.
Nc3 Nxc3 16. Qxc3 Ne4 17. Qc2 g5 18. cxd6 exd6 19. Bd3 Nxg3 20. hxg3 Qf6 21.
Rad1 d5 22. Ne5 Qe7 23. f4 g4 24. a3 Bxe5 25. fxe5 Kg6 26. Rf4 Qg5 27. Rdf1 Be6
28. b4 Rf7 29. b5 Rc8 30. bxc6 Rxc6 31. Qa4 Rc3 32. Rd1 b6 33. Qe8 Qe7 34. Qxe7
Rxe7 35. a4 Kg5 36. Kf2 Ra3 37. Bb5 Rc7 38. Rd3 Ra2+ 39. Kg1 Rc1+ 40. Rf1 Rcc2
41. Rfd1 Rxg2+ 42. Kf1 Rxg3 43. Rc1 Rh3 44. Kg1 g3 45. Rc7 Rhh2 46. Rd1 f4 47.
Rg7+ Kf5 48. Bd3# 1-0

[Event "C.to Europeo U14"]
[Site "Fermo ITA"]
[Date "2009.09.07"]
[Round "7"]
[White "Bortnik, Alexandr"]
[Black "Bukavshin, Ivan"]
[Result "1/2-1/2"]
[WhiteElo "2308"]
[BlackElo "2404"]
[PlyCount "96"]
[EventDate "2009.08.31"]

1. e4 c5 2. c3 d5 3. exd5 Qxd5 4. d4 Nf6 5. Nf3 Bg4 6. dxc5 Qxc5 7. Be3 Qc7 8.
Na3 a6 9. Qa4+ Nbd7 10. h3 Bh5 11. g4 Bg6 12. Bg2 Be4 13. g5 Bc6 14. Qh4 Nd5
15. Bd2 e6 16. O-O Bxa3 17. bxa3 Ne7 18. Rfe1 Nf5 19. Qg4 O-O 20. Rad1 Rad8 21.
Bf4 Qa5 22. h4 Nc5 23. Rxd8 Rxd8 24. h5 Nd3 25. Rd1 Rd7 26. Nd4 Nxf4 27. Bxc6
bxc6 28. Qxf4 Rd8 29. Rb1 Nxd4 30. cxd4 Qxa3 31. Rb7 Rf8 32. h6 Qa5 33. Rb8 e5
34. Rxf8+ Kxf8 35. dxe5 gxh6 36. gxh6 Qxa2 37. Qb4+ Ke8 38. Qb8+ Ke7 39. Qd6+
Ke8 40. Qxc6+ Ke7 41. Qf6+ Kd7 42. Qd6+ Ke8 43. Qc6+ Ke7 44. Qc7+ Ke8 45. Qc6+
Ke7 46. Qf6+ Kd7 47. Qf5+ Qe6 48. Qxh7 Qg4+ 1/2-1/2

[Event "C.to Europeo U14"]
[Site "Fermo ITA"]
[Date "2009.09.07"]
[Round "7"]
[White "Dazj, Andrea"]
[Black "Salvioli, Alessandro"]
[Result "0-1"]
[WhiteElo "1515"]
[BlackElo "1866"]
[PlyCount "64"]
[EventDate "2009.08.31"]

1. e4 c5 2. Nc3 Nc6 3. f4 d6 4. Nf3 g6 5. Bc4 Bg7 6. O-O e6 7. d3 Nge7 8. Qe1
O-O 9. f5 exf5 10. Qh4 Qc7 11. Nb5 Qd7 12. Bh6 a6 13. Bxg7 Kxg7 14. Nc3 b5 15.
Bd5 Nxd5 16. Nxd5 Qd8 17. Qe1 Be6 18. Qc3+ f6 19. Nf4 Bd7 20. exf5 Bxf5 21. Nd5
b4 22. Qd2 Be6 23. Nf4 Bf7 24. Qf2 Ne5 25. Qg3 Kh8 26. Nxe5 dxe5 27. Nh3 Be6
28. Ng5 Qd4+ 29. Kh1 fxg5 30. Qxg5 Kg8 31. h4 Qg4 32. Qe7 Bd5 0-1

[Event "C.to Europeo U14"]
[Site "Fermo ITA"]
[Date "2009.09.07"]
[Round "7"]
[White "Dragun, Kamil"]
[Black "Bok, Benjamin"]
[Result "1-0"]
[WhiteElo "2232"]
[BlackElo "2360"]
[PlyCount "95"]
[EventDate "2009.08.31"]

1. e4 e5 2. Nf3 Nc6 3. Bb5 a6 4. Bxc6 dxc6 5. O-O Qd6 6. Na3 Be6 7. Qe2 f6 8.
c3 Bg4 9. Nc4 Qe6 10. Ne3 Bh5 11. Re1 O-O-O 12. a4 c5 13. d3 Bxf3 14. gxf3 Ne7
15. Kh1 Qh3 16. Rg1 h5 17. b4 cxb4 18. cxb4 Qd7 19. b5 Qxd3 20. Qa2 a5 21. Rd1
Qxd1+ 22. Nxd1 Rxd1+ 23. Kg2 Ng6 24. Qf7 Nh4+ 25. Kg3 Bc5 26. Kxh4 g5+ 27. Kh3
Bd4 28. Bb2 Rxa1 29. Bxa1 Bxa1 30. Qxf6 Rd8 31. Qxg5 Bd4 32. Qxh5 c5 33. bxc6
bxc6 34. Qf7 Rd7 35. Qe6 Kc7 36. Kg2 Rd6 37. Qc4 Rg6+ 38. Kf1 Rh6 39. f4 Rxh2
40. fxe5 Rxf2+ 41. Ke1 Bb6 42. e6 Rf8 43. Qd3 Rd8 44. Qg3+ Kc8 45. e7 Re8 46.
Qd6 Bc7 47. Qe6+ Kb7 48. Qf7 1-0

[Event "C.to Europeo U14"]
[Site "Fermo ITA"]
[Date "2009.09.07"]
[Round "7"]
[White "Giampieri, Stefano"]
[Black "Fridgeirsson, Dagur Andri"]
[Result "0-1"]
[WhiteElo "1768"]
[BlackElo "1775"]
[PlyCount "118"]
[EventDate "2009.08.31"]

1. d4 d5 2. c4 c6 3. Nc3 Nf6 4. Nf3 e6 5. cxd5 exd5 6. Bg5 h6 7. Bh4 Be7 8. e3
Bg4 9. h3 Bh5 10. Be2 Nbd7 11. O-O O-O 12. Rc1 Ne4 13. Bxe7 Qxe7 14. Nd2 Bxe2
15. Qxe2 f5 16. Nb3 Rae8 17. Na4 f4 18. Nc3 f3 19. gxf3 Ng5 20. Kg2 Rxf3 21.
Qxf3 Nxf3 22. Kxf3 Nf6 23. Ke2 Ne4 24. Nxe4 dxe4 25. Rc5 Qh4 26. Rh1 Rf8 27.
Rh2 Rf3 28. Nd2 Rxh3 29. Rxh3 Qxh3 30. Nxe4 Qg4+ 31. Kd3 h5 32. Rg5 Qd1+ 33.
Kc3 Qc1+ 34. Kb3 b5 35. Rc5 Qd1+ 36. Kc3 h4 37. Ng5 a5 38. b3 Qe1+ 39. Kd3 Qf1+
40. Ke4 g6 41. f4 h3 42. Re5 h2 43. Re8+ Kg7 44. Re7+ Kf8 45. Rf7+ Ke8 46. Rh7
h1=Q+ 47. Rxh1 Qxh1+ 48. Ke5 a4 49. e4 a3 50. Ke6 Qg2 51. d5 cxd5 52. exd5 Qxa2
53. Kd6 Qxb3 54. Kc6 Qc4+ 55. Kd6 Qxf4+ 56. Ke6 Qxg5 57. d6 Qe3+ 58. Kf6 Kd7
59. Kf7 a2 0-1